Loading...
| History - World | 0 | 6 | 1 | 0 | 55 | 40 | 61.83 | 2 | 6 | 0.00 | 0.00 |
| History - American | 0 | 5 | 1 | 1 | 45 | 39 | 69.40 | 1 | 4 | 0.00 | 0.00 |
| Religion | 0 | 3 | 0 | 2 | 30 | 77 | 110.33 | 1 | 1 | 0.00 | 0.00 |
| Literature - American | 0 | 3 | 0 | 1 | 30 | 64 | 90.67 | 1 | 2 | 0.00 | 0.00 |
| Social Science | 0 | 2 | 0 | 0 | 20 | 84 | 88.50 | 0 | 0 | 0.00 | 0.00 |
| Fine Arts - Visual | 0 | 2 | 0 | 1 | 20 | 66 | 101.00 | 0 | 1 | 0.00 | 0.00 |
| Fine Arts - Classical Music | 0 | 2 | 0 | 1 | 20 | 121 | 127.50 | 0 | 0 | 0.00 | 0.00 |
| History - European | 0 | 2 | 1 | 0 | 15 | 72 | 91.00 | 1 | 2 | 0.00 | 0.00 |
| Fine Arts - Other | 0 | 1 | 0 | 0 | 10 | 80 | 80.00 | 1 | 1 | 0.00 | 0.00 |
| Geography/Current Events | 0 | 1 | 0 | 1 | 10 | 133 | 133.00 | 0 | 0 | 0.00 | 0.00 |
| Literature - European | 0 | 1 | 0 | 0 | 10 | 78 | 78.00 | 1 | 1 | 0.00 | 0.00 |
| Mythology | 0 | 1 | 0 | 0 | 10 | 45 | 45.00 | 0 | 1 | 0.00 | 0.00 |
| History - Other | 0 | 2 | 3 | 0 | 5 | 90 | 91.00 | 0 | 0 | 0.00 | 0.00 |
| Science - Other | 0 | 0 | 1 | 0 | -5 | 0.00 | 0 | 0 | 0.00 | 0.00 | |
| Philosophy | 0 | 0 | 1 | 0 | -5 | 0.00 | 0 | 0 | 0.00 | 0.00 |